ARRUPE JESUIT UNIVERSITY

CORONAVIRUS -STOP THE SPREAD - CLEAN,DISINFECT,COVER

Spiritan life and mission since Vatican II (Record no. 131961)

MARC details
000 -LEADER
fixed length control field 00564nam a22001937a 4500
003 - CONTROL NUMBER IDENTIFIER
control field ARRUPE
005 - DATE AND TIME OF LATEST TRANSACTION
control field 20251021120437.0
008 - FIXED-LENGTH DATA ELEMENTS--GENERAL INFORMATION
fixed length control field 251021b |||||||| |||| 00| 0 eng d
040 ## - CATALOGING SOURCE
Transcribing agency AJU
050 ## - LIBRARY OF CONGRESS CALL NUMBER
Classification number BV4832.2 .C544 2018
300 ## - PHYSICAL DESCRIPTION
Materials specified Book
Other physical details Book
Dimensions 23cm
100 ## - MAIN ENTRY--PERSONAL NAME
Personal name Cleary, William
9 (RLIN) 52900
245 ## - TITLE STATEMENT
Title Spiritan life and mission since Vatican II
Statement of responsibility, etc William Cleary, foreword by John Fogarty
260 ## - PUBLICATION, DISTRIBUTION, ETC. (IMPRINT)
Place of publication, distribution, etc Oregon
Name of publisher, distributor, etc WIPF and Stock
Date of publication, distribution, etc 2018
300 ## - PHYSICAL DESCRIPTION
Extent xxvii, 257p. ;
Type of unit Book
Size of unit 23cm.
610 ## - SUBJECT ADDED ENTRY--CORPORATE NAME
Source of heading or term Spiritan Life
610 ## - SUBJECT ADDED ENTRY--CORPORATE NAME
Source of heading or term Vatican 11
942 ## - ADDED ENTRY ELEMENTS (KOHA)
Source of classification or shelving scheme Library of Congress Classification
Koha item type Monograph ( Printed materials)
Holdings
Withdrawn status Lost status Source of classification or shelving scheme Damaged status Not for loan Collection code Home library Current library Shelving location Date acquired Total Checkouts Full call number Barcode Date last seen Price effective from Koha item type
    Library of Congress Classification     Main Collection ARRUPE LIBRARY ARRUPE LIBRARY Main Collection 21/10/2025   BV4832.2 .C544 2018 46700000443 21/10/2025 21/10/2025 Monograph ( Printed materials)

 

Arrupe Library. PO Box MP320 Mt Pleasant, Harare, Zimbabwe
263 242 745411|librarian@aju.ac.zw